South Eastern Kenya University

Library Online Public Access Catalogue


Ecosystems and the human well-being (Record no. 16956)

MARC details
000 -LEADER
fixed length control field 00527nam a22001937a 4500
003 - CONTROL NUMBER IDENTIFIER
control field OSt
005 - DATE AND TIME OF LATEST TRANSACTION
control field 20180719120806.0
008 - FIXED-LENGTH DATA ELEMENTS--GENERAL INFORMATION
fixed length control field 180719b ||||| |||| 00| 0 eng d
020 ## - INTERNATIONAL STANDARD BOOK NUMBER
International Standard Book Number 1559633913
040 ## - CATALOGING SOURCE
Original cataloging agency SEKU
050 ## - LIBRARY OF CONGRESS CALL NUMBER
Classification number GF 50
Item number .E26 2005
100 ## - MAIN ENTRY--PERSONAL NAME
Personal name Carpenter,Steve R
245 ## - TITLE STATEMENT
Title Ecosystems and the human well-being
Statement of responsibility, etc. Carpenter, Steve R
260 ## - PUBLICATION, DISTRIBUTION, ETC. (IMPRINT)
Name of publisher, distributor, etc. Island Press
Date of publication, distribution, etc. 2005
300 ## - PHYSICAL DESCRIPTION
Extent 560p.
Other physical details ill.
500 ## - GENERAL NOTE
General note Vol.2: Scenarios
700 ## - ADDED ENTRY--PERSONAL NAME
Personal name Pingali,L Prabhu, Bennet,Elena M, Zurek, Monika B
942 ## - ADDED ENTRY ELEMENTS (KOHA)
Source of classification or shelving scheme Library of Congress Classification
Koha item type General circulation

No items available.

Kitui, Kenya.
+254736116989
library@seku.ac.ke